|
|
|
|
| LEADER |
00000nam0a2200000 4500 |
| 001 |
340872 |
| 005 |
20231102005303.0 |
| 035 |
|
|
|a (RuTPU)RU\TPU\book\367882
|
| 090 |
|
|
|a 340872
|
| 100 |
|
|
|a 20180418d1977 m y0rusy50 ca
|
| 101 |
0 |
|
|a rus
|
| 102 |
|
|
|a RU
|
| 105 |
|
|
|a a z 001cy
|
| 200 |
1 |
|
|a Художник в современной детской книге
|e очерки
|e рассказы
|f Э. З. Ганкина
|g под ред. В. П. Поликарова
|
| 210 |
|
|
|a Москва
|c Советский художник
|d 1977
|
| 215 |
|
|
|a 215 с.
|c ил.
|
| 320 |
|
|
|a Вступительная статья: с. 7-8
|
| 320 |
|
|
|a Словарь художников детской книги: с. 174-198
|
| 320 |
|
|
|a Список упомянутых издательств: с. 199
|
| 320 |
|
|
|a Библиогр.: с. 200-206
|
| 320 |
|
|
|a Указатель имен художников, упомянутых в Очерках и Словаре: с. 207-210
|
| 320 |
|
|
|a Список иллюстраций: с. 211-215
|
| 606 |
1 |
|
|a Иллюстрация книжная
|2 stltpush
|3 (RuTPU)RU\TPU\subj\12387
|9 39178
|
| 610 |
1 |
|
|a художественная литература
|
| 610 |
1 |
|
|a очерки
|
| 610 |
1 |
|
|a художники
|
| 610 |
1 |
|
|a детские книги
|
| 610 |
1 |
|
|a иллюстраторы
|
| 610 |
1 |
|
|a иллюстрации
|
| 610 |
1 |
|
|a рассказы
|
| 675 |
|
|
|a 76:655
|v 4
|
| 700 |
|
1 |
|a Ганкина
|b Э. З.
|g Элла Зиновьевна
|4 070
|
| 702 |
|
1 |
|a Поликаров
|b В. П.
|4 340
|
| 801 |
|
1 |
|a RU
|b 63413507
|c 20180418
|
| 801 |
|
2 |
|a RU
|b 63413507
|c 20201210
|g RCR
|
| 942 |
|
|
|c BK
|